Estadísticas para Islas de Hawái

Haz click aquí para tomar la prueba!

Estadísticas generales

  • Esta prueba ha sido tomada 798 veces
  • La puntuación promedio es 4 de 8

Respuestas en el mapa

Las respuestas están codificadas por una escala verde-roja en el mapa de la prueba según el % correcto abajo.
 

Estadísticas de respuestas

PoblaciónNombre% Correcto
185,079Hawái
81%
953,207Oahu
69%
144,444Maui
60%
66,921Kaua'i
45%
7,345Molokaʻi
41%
3,135Lanai
38%
170Niʻihau
35%
0Kahoolawe
34%

Distribución de puntuación

Porcentaje por número respondido

Porcentaje de gente con cada puntuación

Historial de tus puntuaciones

No has tomado esta prueba